<?xml version="1.0" encoding="UTF-8"?>
<record
    xmlns:xsi="http://www.w3.org/2001/XMLSchema-instance"
    xsi:schemaLocation="http://www.loc.gov/MARC21/slim http://www.loc.gov/standards/marcxml/schema/MARC21slim.xsd"
    xmlns="http://www.loc.gov/MARC21/slim">

  <leader>02630cam a22003375i 4500</leader>
  <datafield tag="999" ind1=" " ind2=" ">
    <subfield code="c">28041</subfield>
    <subfield code="d">28012</subfield>
  </datafield>
  <controlfield tag="001">19913184</controlfield>
  <controlfield tag="003">EG-ScBUE</controlfield>
  <controlfield tag="005">20200211151949.0</controlfield>
  <controlfield tag="008">170817t20182018nyua   f b    001 0 eng d</controlfield>
  <datafield tag="020" ind1=" " ind2=" ">
    <subfield code="a">9781260026429 (alk. paper)</subfield>
  </datafield>
  <datafield tag="020" ind1=" " ind2=" ">
    <subfield code="a">1260026426</subfield>
  </datafield>
  <datafield tag="040" ind1=" " ind2=" ">
    <subfield code="a">DLC</subfield>
    <subfield code="b">eng</subfield>
    <subfield code="e">rda</subfield>
    <subfield code="c">DLC</subfield>
    <subfield code="d">DLC</subfield>
    <subfield code="d">EG-ScBUE</subfield>
  </datafield>
  <datafield tag="082" ind1="0" ind2="4">
    <subfield code="a">658.8</subfield>
    <subfield code="b">PUL</subfield>
    <subfield code="2">22</subfield>
  </datafield>
  <datafield tag="100" ind1="1" ind2=" ">
    <subfield code="a">Pulizzi, Joe,</subfield>
    <subfield code="e">author.</subfield>
  </datafield>
  <datafield tag="245" ind1="1" ind2="0">
    <subfield code="a">Killing marketing :</subfield>
    <subfield code="b">how innovative businesses are turning marketing cost into profit /</subfield>
    <subfield code="c">Joe Pulizzi &amp; Robert Rose.</subfield>
  </datafield>
  <datafield tag="264" ind1=" " ind2="1">
    <subfield code="a">New York :</subfield>
    <subfield code="b">McGraw-Hill Education,</subfield>
    <subfield code="c">[2018]</subfield>
  </datafield>
  <datafield tag="264" ind1=" " ind2="1">
    <subfield code="c">c2018</subfield>
  </datafield>
  <datafield tag="300" ind1=" " ind2=" ">
    <subfield code="a">xii, 260 pages ;</subfield>
    <subfield code="c">24 cm</subfield>
  </datafield>
  <datafield tag="336" ind1=" " ind2=" ">
    <subfield code="a">text</subfield>
    <subfield code="b">txt</subfield>
    <subfield code="2">rdacontent</subfield>
  </datafield>
  <datafield tag="337" ind1=" " ind2=" ">
    <subfield code="a">unmediated</subfield>
    <subfield code="b">n</subfield>
    <subfield code="2">rdamedia</subfield>
  </datafield>
  <datafield tag="338" ind1=" " ind2=" ">
    <subfield code="a">volume</subfield>
    <subfield code="b">nc</subfield>
    <subfield code="2">rdacarrier</subfield>
  </datafield>
  <datafield tag="504" ind1=" " ind2=" ">
    <subfield code="a">Includes bibliographical references and index.</subfield>
  </datafield>
  <datafield tag="505" ind1="0" ind2=" ">
    <subfield code="a">Introduction -- Killing marketing -- Return on audience -- Media marketing -- The revenue model -- The media marketing savings model -- First steps on the road to killing marketing -- The one media model -- Today: the beginning -- What now: lessons learned along the transformation -- The future of marketing.</subfield>
  </datafield>
  <datafield tag="520" ind1=" " ind2=" ">
    <subfield code="a">"What if everything we currently know about marketing is what is holding us back? Over the last two decades, we've watched the entire world change the way it buys and stays loyal to brands. But, marketing departments are still operating in the same, campaign-centric, product-led operation that they have been following for 75 years. The most innovative companies around the world have achieved remarkable marketing results by fundamentally changing their approach. By creating value for customers through the use of owned media and the savvy use of the content, these businesses have dramatically increased customer loyalty and revenue. Some of them have even taken it to the next step and developed a marketing function that actually pays for itself. Killing Marketing explores how these companies are ending the marketing as we know it--in favor of this new, exciting model. Killing Marketing provides insight, approaches, and examples you need to understand these disruptive forces in ways that turn your marketing from a cost center to a revenue creator. This book builds the case for, literally, transforming the purpose of marketing within your organization."--Publisher's description.</subfield>
  </datafield>
  <datafield tag="650" ind1=" " ind2="7">
    <subfield code="a">Marketing</subfield>
    <subfield code="x">Management.</subfield>
    <subfield code="2">BUEsh</subfield>
  </datafield>
  <datafield tag="653" ind1=" " ind2=" ">
    <subfield code="b">COMAME</subfield>
    <subfield code="c">February2020</subfield>
  </datafield>
  <datafield tag="700" ind1="1" ind2=" ">
    <subfield code="a">Rose, Robert,</subfield>
    <subfield code="e">author.</subfield>
  </datafield>
  <datafield tag="942" ind1=" " ind2=" ">
    <subfield code="2">ddc</subfield>
    <subfield code="c">BB</subfield>
  </datafield>
  <datafield tag="952" ind1=" " ind2=" ">
    <subfield code="0">0</subfield>
    <subfield code="1">0</subfield>
    <subfield code="2">ddc</subfield>
    <subfield code="4">0</subfield>
    <subfield code="7">0</subfield>
    <subfield code="8">Baccah</subfield>
    <subfield code="a">MAIN</subfield>
    <subfield code="b">MAIN</subfield>
    <subfield code="c">1ST</subfield>
    <subfield code="d">2020-02-11</subfield>
    <subfield code="e">Purchase</subfield>
    <subfield code="g">572.00</subfield>
    <subfield code="h">34025</subfield>
    <subfield code="l">0</subfield>
    <subfield code="o">658.8 PUL</subfield>
    <subfield code="p">000048599</subfield>
    <subfield code="r">2025-07-15 00:00:00</subfield>
    <subfield code="v">715.00</subfield>
    <subfield code="w">2020-02-11</subfield>
    <subfield code="y">BB</subfield>
  </datafield>
</record>
